स्मृति के अक्षर / (Record no. 19084)

MARC details
000 -LEADER
fixed length control field 01253nam a22002777a 4500
008 - FIXED-LENGTH DATA ELEMENTS--GENERAL INFORMATION
fixed length control field 081125t xxu||||| |||| 00| 0 hin d
010 ## - LCCN (DPL NO)
LC control number HIN-85238
020 ## - INTERNATIONAL STANDARD BOOK NUMBER
International Standard Book Number 8175700793
Terms of availability 250.00
035 ## - SYSTEM CONTROL NUMBER
System control number HN-57584
037 ## - SOURCE OF ACQUISITION
Source of stock number/acquisition DBAD / PUB
040 ## - CATALOGING SOURCE
Original cataloging agency DPL
Language of cataloging HN
082 ## - DEWEY DECIMAL CLASSIFICATION NUMBER
Classification number 808.883
100 ## - MAIN ENTRY--PERSONAL NAME
Personal name निशांतकेतु
245 ## - TITLE STATEMENT
Title स्मृति के अक्षर /
Remainder of title आचार्य निशांतकेतु
246 ## - VARYING FORM OF TITLE
Title proper/short title Smriti ke akshara
Remainder of title by Acharya Nishantketu
260 ## - PUBLICATION, DISTRIBUTION, ETC. (IMPRINT)
Place of publication, distribution, etc नई दिल्ली
Name of publisher, distributor, etc सूर्यप्रभा प्रकाशन
Date of publication, distribution, etc 2007
270 ## - ADDRESS
Address जी-564, सुलतानपुरी
City नई दिल्ली
Postal code 110 041
Telephone number 25477805
300 ## - PHYSICAL DESCRIPTION
Extent 2भाग(192पृ.)
Dimensions 21सेमी.(सजिल्द)
500 ## - GENERAL NOTE
General note केवल भाग-2 उपलब्ध है ।
600 ## - SUBJECT ADDED ENTRY--PERSONAL NAME
Personal name निशांतकेतु
600 ## - SUBJECT ADDED ENTRY--PERSONAL NAME
Personal name Nishantketu
650 ## - SUBJECT ADDED ENTRY--TOPICAL TERM
Topical term or geographic name as entry element स्मृति
650 ## - SUBJECT ADDED ENTRY--TOPICAL TERM
Topical term or geographic name as entry element Memory
942 ## - ADDED ENTRY ELEMENTS (KOHA)
Source of classification or shelving scheme Dewey Decimal Classification
Item type Hindi Books
Classification part 808.883
Call number suffix निशांत
Holdings
Withdrawn status Lost status Source of classification or shelving scheme Damaged status Not for loan Collection code Home library Current library Date acquired Source of acquisition Cost, normal purchase price Total Checkouts Full call number Barcode Date last seen Copy number Cost, replacement price Koha item type
    Dewey Decimal Classification   Not For Loan Non-fiction D.B.Act.Division D.B.Act.Division 25/11/2008 DBAD / PUB 250.00   808.883 निशांत HN-57584 25/11/2008 1 250.00 Hindi Books

© Delhi Public Library
Hit Counter
free hit counter